[Event "Harplinge"]
[Site "Harplinge"]
[Date "1998.08.22"]
[Round "8"]
[White "Hodgson, Julian M"]
[Black "Hansen, Curt"]
[Result "1/2-1/2"]
[WhiteElo "2575"]
[BlackElo "2610"]
[PlyCount "66"]
[EventDate "1998.08.15"]
[Source "ChessBase"]
[SourceDate "1998.11.30"]

1. c4 e5 2. Nf3 e4 3. Nd4 Nc6 4. Nxc6 dxc6 5. Nc3 Nf6 6. h3 h5 7. d4 exd3 8. e4 Be6 9. Bxd3 Qd6 10. Qc2 O-O-O 11. Be2 Qe5 12. Be3 g5 13. h4 g4 14. g3 Bb4 15. O-O Bxc3 16. bxc3 Qxe4 17. Qb2 Bxc4 18. Bxc4 Qxc4 19. Qa3 a6 20. Bd4 Rh6 21. Qc1 Rg6 22. Qf4 Rd5 23. Rfe1 c5 24. Rac1 b6 25. Be5 Qxf4 26. Bxf4 Rg8 27. c4 Rd7 28. Re5 Rh8 29. Rce1 Kb7 30. Kg2 Kc6 31. a4 Rh7 32. Rg5 Rd8 33. Re7 Rd7 1/2-1/2

[Event "USA-ch"]
[Site "Parsippany"]
[Date "1996.??.??"]
[Round "6"]
[White "Christiansen, Larry Mark"]
[Black "Kaidanov, Gregory S"]
[Result "1-0"]
[WhiteElo "2555"]
[BlackElo "2580"]
[PlyCount "81"]
[EventDate "1996.07.13"]
[Source "ChessBase"]

1. c4 e5 2. Nf3 e4 3. Nd4 Nc6 4. Nxc6 dxc6 5. Nc3 Nf6 6. e3 Bf5 7. Qc2 Qd7 8. b3 O-O-O 9. h3 Qe6 10. Bb2 Nd7 11. Ne2 Qe8 12. O-O-O Nc5 13. Nf4 h5 14. Be2 Rh6 15. g4 Nd3+ 16. Bxd3 exd3 17. Qc3 hxg4 18. hxg4 Bxg4 19. Rxh6 gxh6 20. Rg1 Qe4 21. Qf6 Qf3 22. Rf1 Bb4 23. Bc3 Bxc3 24. Qxc3 h5 25. Qf6 Bh3 26. Rd1 Rg8 27. Re1 Qxf2 28. Rd1 Qf3 29. Re1 Qf2 30. Rd1 Qf3 31. Re1 Be6 32. Qh6 Qg3 33. Rh1 Bg4 34. Qh7 Bf3 35. Nxh5 Qg2 36. Rh2 Qg1+ 37. Kb2 Qg6 38. Nf4 Qf6+ 39. Ka3 Qe7+ 40. b4 Rg1 41. Qf5+ 1-0

[Event "New York Open"]
[Site "New York, NY USA"]
[Date "1989.??.??"]
[Round "4"]
[White "Murey, Jacob I"]
[Black "Ivanov, Alexander"]
[Result "0-1"]
[WhiteElo "2560"]
[BlackElo "2470"]
[PlyCount "40"]
[EventDate "1989.03.??"]
[Source "www.chesslib.no"]
[SourceDate "2004.05.04"]

1. c4 e5 2. Nf3 e4 3. Nd4 Nc6 4. Nxc6 dxc6 5. Nc3 Nf6 6. h3 Bb4 7. Qc2 Qd4 8. e3 Qe5 9. d4 exd3 10. Bxd3 Bxc3+ 11. bxc3 Be6 12. O-O O-O-O 13. Ba3 Rd7 14. Rfb1 Qa5 15. Bb4 Qg5 16. Bf1 Bxh3 17. Qa4 a6 18. Rb2 Ne4 19. Ba3 Nd2 20. c5 Nf3+ 0-1

[Event "Bagneux"]
[Site "Bagneux FRA"]
[Date "1984.??.??"]
[Round "?"]
[White "Murey, Jacob I"]
[Black "Sax, Gyula"]
[Result "0-1"]
[WhiteElo "2435"]
[BlackElo "2575"]
[PlyCount "98"]
[EventDate "1984.??.??"]
[Source "www.chesslib.no"]
[SourceDate "2004.05.04"]

1. c4 e5 2. Nf3 e4 3. Nd4 Nc6 4. Nxc6 dxc6 5. Nc3 Nf6 6. Qc2 Bf5 7. h3 Bc5 8. e3 h5 9. b3 Qe7 10. Bb2 O-O-O 11. O-O-O h4 12. Kb1 Qd7 13. Ne2 Rh6 14. Nc1 g5 15. Be2 g4 16. Bxf6 Rxf6 17. hxg4 Bxg4 18. d4 exd3 19. Nxd3 Bf5 20. Rxh4 Rd6 21. e4 Qe7 22. Rh5 Qxe4 23. f3 Qe6 24. g4 Bxd3 25. Bxd3 Qe3 26. Bf5+ Kb8 27. Rxd6 Bxd6 28. Be4 Ba3 29. Rh1 a5 30. Qh2 a4 31. Qh4 Qd4 32. Qh2 Qc3 33. Qc2 Qe3 34. bxa4 Rd4 35. a5 Ka7 36. a6 b5 37. Qh2 Kb6 38. a7 Rxc4 39. a8=N+ Ka5 40. Qxc7+ Kb4 41. Qd6+ c5 42. Qd1 Rxe4 43. Rf1 Qc3 44. Qb3+ Qxb3+ 45. axb3 Re2 46. Nc7 Rb2+ 47. Ka1 Kxb3 48. f4 Ka4 49. Rb1 Rf2 0-1

[Event "Open, Ubeda ESP"]
[Site "?"]
[Date "2001.??.??"]
[Round "2"]
[White "Wohl, A."]
[Black "Kacheishvili, G."]
[Result "1/2-1/2"]
[WhiteElo "2440"]
[BlackElo "2555"]
[PlyCount "39"]
[EventDate "2001.??.??"]
[Source "www.chesslib.no"]
[SourceDate "2004.05.04"]

1. c4 e5 2. Nf3 e4 3. Nd4 Nc6 4. e3 Nf6 5. Nc3 Bb4 6. Qc2 Nxd4 7. exd4 O-O 8. a3 Be7 9. d3 d5 10. cxd5 exd3 11. Bxd3 Bd6 12. O-O h6 13. Bd2 a6 14. f3 b5 15. Be1 Nh5 16. Ne4 Nf4 17. Nxd6 cxd6 18. Bg3 Nxd3 19. Qxd3 Bb7 20. Qf5 1/2-1/2

[Event "European GP"]
[Site "?"]
[Date "2003.08.27"]
[Round "3"]
[White "Grigoriev Armen"]
[Black "Gurevich Mikhail"]
[Result "0-1"]
[WhiteElo "2335"]
[BlackElo "2644"]
[PlyCount "122"]
[EventDate "2003.??.??"]
[Source "www.chesslib.no"]
[SourceDate "2004.05.04"]

1. c4 e5 2. Nf3 Nc6 3. d4 exd4 4. Nxd4 Nf6 5. g3 Bb4+ 6. Bd2 Qe7 7. Nb5 Bxd2+ 8. Nxd2 d5 9. cxd5 Nxd5 10. Bg2 Be6 11. O-O O-O 12. Nb3 Rad8 13. Qc1 a6 14. N5d4 Nxd4 15. Nxd4 Bg4 16. h3 Bc8 17. Rd1 Nf6 18. Qc2 c5 19. Nb3 b6 20. Rxd8 Rxd8 21. Rd1 Be6 22. Rxd8+ Qxd8 23. Nd2 Kf8 24. a3 h6 25. Qc3 Qd6 26. e4 Nd7 27. f4 f6 28. Bf1 b5 29. Qe3 Ke7 30. Kf2 Nb6 31. Nf3 Na4 32. b3 Nb2 33. Qd2 Nd1+ 34. Ke1 Qxd2+ 35. Nxd2 Ne3 36. Bd3 Bxh3 37. Ke2 Ng4 38. a4 c4 39. bxc4 bxa4 40. c5 Kd7 41. Bxa6 Kc6 42. Bc8 Kxc5 43. Be6 g5 44. e5 fxe5 45. fxg5 hxg5 46. Ne4+ Kc6 47. Nxg5 Bg2 48. Nf3 Kd6 49. Ba2 Nf6 50. Kf2 Bh1 51. Ke3 Nd5+ 52. Bxd5 Kxd5 53. Nd2 Kc5 54. Kd3 Kb4 55. Kc2 a3 56. g4 Bg2 57. g5 e4 58. Nb3 e3 59. Nd4 Be4+ 60. Kc1 Bd3 61. Nc6+ Kc3 0-1

[Event "Hastings ENG"]
[Site "Hastings ENG"]
[Date "1983.??.??"]
[Round "?"]
[White "Murey, Jacob I"]
[Black "Lein, Anatoly Y"]
[Result "1/2-1/2"]
[WhiteElo "2500"]
[BlackElo "2465"]
[PlyCount "116"]
[EventDate "1983.??.??"]
[Source "www.chesslib.no"]
[SourceDate "2004.05.04"]

1. c4 e5 2. Nf3 e4 3. Nd4 Nc6 4. Nxc6 dxc6 5. Nc3 f5 6. d3 Bb4 7. Qb3 Qe7 8. Bd2 Bc5 9. e3 exd3 10. Bxd3 Nf6 11. Na4 Bd6 12. Qc2 Qe6 13. f3 c5 14. O-O-O Bd7 15. h3 O-O-O 16. g4 g6 17. Nc3 Kb8 18. Rhg1 Rhf8 19. Ne2 Be5 20. f4 Bd6 21. gxf5 gxf5 22. Ng3 Ng8 23. e4 Qf7 24. e5 Be7 25. Bc3 Nh6 26. Qe2 Rg8 27. Nh5 Rxg1 28. Rxg1 Rg8 29. Rd1 Be6 30. Qe3 Rg6 31. Qf2 Ng8 32. Be2 Rh6 33. Qf3 a6 34. Rh1 Bh4 35. Be1 Bxe1 36. Rxe1 Ne7 37. Rg1 Rg6 38. Qf2 b6 39. Bf3 Bxc4 40. Rxg6 hxg6 41. Nf6 Be6 42. Qd2 Kc8 43. Be2 a5 44. Qd3 Ng8 45. Qa6+ Kd8 46. Qa8+ Ke7 47. Nxg8+ Qxg8 48. Qg2 Bd5 49. Qg5+ Kd7 50. Bb5+ c6 51. Ba6 Qf7 52. h4 Be6 53. Qh6 Ke7 54. Qh8 Qg8 55. Qxg8 Bxg8 56. Bc4 Bd5 57. a4 Kd7 58. Kc2 Ke7 1/2-1/2

[Event "Minsk Open"]
[Site "Minsk BLR"]
[Date "1994.??.??"]
[Round "9"]
[White "Dragomarezkij, Evgeni"]
[Black "Yuferov, Sergey N"]
[Result "0-1"]
[WhiteElo "2490"]
[BlackElo "2475"]
[PlyCount "120"]
[EventDate "1994.??.??"]
[Source "www.chesslib.no"]
[SourceDate "2004.05.04"]

1. c4 e5 2. Nf3 e4 3. Nd4 Nc6 4. Nc2 Nf6 5. Nc3 Ne5 6. Ne3 Bc5 7. d4 exd3 8. exd3 Nc6 9. Be2 O-O 10. O-O Re8 11. Nc2 h6 12. d4 Bf8 13. d5 Nb4 14. Nd4 c5 15. Nf3 d6 16. a3 Na6 17. h3 Nc7 18. Bd3 b5 19. b3 Rb8 20. Bf4 Bd7 21. Qc2 Rb6 22. Nd2 a5 23. Be3 bxc4 24. bxc4 Qa8 25. a4 Na6 26. Nb5 Nb4 27. Qb3 Qc8 28. Bf4 Bf5 29. Bxf5 Qxf5 30. Bh2 Re2 31. Qf3 Qd3 32. Qxd3 Nxd3 33. Nb3 Rc2 34. Rad1 Rxc4 35. Rxd3 Rxa4 36. Nxc5 dxc5 37. Nc3 Rd4 38. Rfd1 Rb3 39. Rxd4 cxd4 40. Ne2 d3 41. Nd4 Rb4 42. Nc6 Rb5 43. d6 Rd5 44. Kf1 Bxd6 45. Bxd6 Rxd6 46. Nxa5 Ne4 47. Nc4 Rd4 48. Nd2 Nc3 49. Rc1 Ra4 50. Nb3 Ne4 51. f3 Ng3+ 52. Kf2 Ne2 53. Rc8+ Kh7 54. Nd2 Nf4 55. g3 Nxh3+ 56. Ke3 Ng1 57. Kxd3 Ra3+ 58. Ke4 Ne2 59. g4 g5 60. Rc7 Nc3+ 0-1

[Event "Bad Endbach"]
[Site "Bad Endbach"]
[Date "1995.??.??"]
[Round "?"]
[White "Chabanon, Jean Luc"]
[Black "Kupreichik, Viktor D"]
[Result "1/2-1/2"]
[WhiteElo "2445"]
[BlackElo "2500"]
[PlyCount "87"]
[EventDate "1995.04.??"]
[Source "ChessBase"]

1. c4 e5 2. Nf3 Nc6 3. d4 exd4 4. Nxd4 Bb4+ 5. Bd2 Qf6 6. Nb5 Qxb2 7. N1c3 Nd4 8. Rb1 Nc2+ 9. Qxc2 Qxc2 10. Rxb4 Nf6 11. f3 c6 12. Nd6+ Ke7 13. c5 b6 14. e4 bxc5 15. Nf5+ Kd8 16. Rb1 d5 17. Ne3 Qxd2+ 18. Kxd2 d4 19. Na4 dxe3+ 20. Kxe3 Nd7 21. Be2 Kc7 22. Rhc1 Rb8 23. Rxb8 Kxb8 24. g4 Kc7 25. h4 Re8 26. Bc4 f6 27. Bf7 Re7 28. Bg8 h6 29. h5 Ba6 30. Nxc5 Nxc5 31. Rxc5 Re5 32. Rxe5 fxe5 33. f4 Kd6 34. g5 exf4+ 35. Kxf4 Be2 36. gxh6 gxh6 37. Bf7 c5 38. e5+ Ke7 39. Bg6 c4 40. Ke3 Bg4 41. Kd4 Ke6 42. a4 c3 43. Kxc3 Kxe5 44. Kb4 1/2-1/2

[Event "CRO Team Ch"]
[Site "Makarska"]
[Date "1994.??.??"]
[Round "2"]
[White "Lisenko, Alexander V"]
[Black "Cebalo, Miso"]
[Result "0-1"]
[WhiteElo "2415"]
[BlackElo "2520"]
[PlyCount "82"]
[EventDate "1994.??.??"]
[Source "www.chesslib.no"]
[SourceDate "2004.05.04"]

1. c4 e5 2. Nf3 e4 3. Nd4 Nc6 4. Nc2 Nf6 5. Nc3 Bc5 6. g3 Ne5 7. b4 Be7 8. Bg2 Nxc4 9. Nxe4 Nxe4 10. Bxe4 d5 11. Bg2 c6 12. Rb1 a5 13. b5 c5 14. d4 Bf5 15. dxc5 Bxc5 16. O-O O-O 17. Rb3 Rc8 18. Nd4 Be4 19. Bh3 a4 20. Rf3 Qb6 21. Bxc8 Rxc8 22. Nf5 Bxf3 23. exf3 Qe6 24. g4 a3 25. Re1 Qd7 26. Kg2 g6 27. Nh6+ Kf8 28. Qd3 f6 29. g5 f5 30. b6 Rd8 31. Bf4 Qg7 32. Bc7 Rd7 33. Re6 Qd4 34. Qe2 Be7 35. Bd8 Qd2 36. Bxe7+ Rxe7 37. Rxe7 Qxg5+ 38. Kf1 Qxe7 39. Qd3 Qe5 40. f4 Qxf4 41. Qxd5 Ne3+ 0-1

[Event "FRA Ch"]
[Site "Chambery"]
[Date "1994.??.??"]
[Round "?"]
[White "Hauchard, Arnaud"]
[Black "Chabanon, Jean-Luc"]
[Result "1/2-1/2"]
[WhiteElo "2490"]
[BlackElo "2415"]
[PlyCount "32"]
[EventDate "1994.08.??"]
[Source "www.chesslib.no"]
[SourceDate "2004.05.04"]

1. c4 e5 2. Nf3 e4 3. Nd4 Nc6 4. Nxc6 dxc6 5. Nc3 Nf6 6. h3 Bd6 7. g4 Bf4 8. e3 Be5 9. Qc2 Bxc3 10. Qxc3 O-O 11. b3 Nd7 12. Bb2 f6 13. d3 Qe7 14. O-O-O a5 15. dxe4 a4 16. b4 a3 1/2-1/2

[Event "Le Havre"]
[Site "Le Havre"]
[Date "1977.??.??"]
[Round "1"]
[White "Bohm, Hans"]
[Black "Ligterink, Gert"]
[Result "1/2-1/2"]
[WhiteElo "2445"]
[BlackElo "2430"]
[PlyCount "33"]
[EventDate "1977.??.??"]
[Source "www.chesslib.no"]
[SourceDate "2004.05.04"]

1. c4 e5 2. Nf3 e4 3. Nd4 Nc6 4. e3 Bc5 5. Nc2 Nf6 6. Nc3 O-O 7. Be2 d6 8. O-O Bf5 9. b3 a5 10. Bb2 Qe7 11. d4 exd3 12. Bxd3 Bxd3 13. Qxd3 Nb4 14. Nxb4 axb4 15. Nd5 Nxd5 16. Qxd5 Ra7 17. Bd4 1/2-1/2

[Event "Balazs mem op"]
[Site "?"]
[Date "1998.??.??"]
[Round "4"]
[White "Horvath Gyula"]
[Black "Petran Pal"]
[Result "1/2-1/2"]
[WhiteElo "2465"]
[BlackElo "2395"]
[PlyCount "31"]
[EventDate "1998.??.??"]
[Source "www.chesslib.no"]
[SourceDate "2004.05.04"]

1. c4 e5 2. Nf3 Nc6 3. d4 exd4 4. Nxd4 Nf6 5. Nxc6 bxc6 6. Nc3 Bb4 7. Qc2 O-O 8. a3 Bc5 9. Na4 Bd4 10. e3 Re8 11. Be2 Be5 12. c5 Nd5 13. O-O g6 14. f4 Bg7 15. e4 Nf6 16. Bf3 1/2-1/2

[Event "FRA-chT 9900"]
[Site "?"]
[Date "2000.03.31"]
[Round "5.1"]
[White "Murey Jacob"]
[Black "Chomet Pascal"]
[Result "1/2-1/2"]
[WhiteElo "2487"]
[BlackElo "2373"]
[PlyCount "45"]
[EventDate "2000.??.??"]
[Source "www.chesslib.no"]
[SourceDate "2004.05.04"]

1. c4 e5 2. Nf3 e4 3. Nd4 Nc6 4. Nxc6 dxc6 5. Nc3 Nf6 6. Qc2 Bf5 7. e3 Qd7 8. h3 h5 9. b3 O-O-O 10. Bb2 h4 11. O-O-O Rh6 12. Ne2 c5 13. g4 hxg3 14. fxg3 Re8 15. Bg2 Rxh3 16. Rxh3 Bxh3 17. Nf4 Bg4 18. Rh1 Bf5 19. Rh8 Ng4 20. Qc3 f6 21. d4 g5 22. Nd5 c6 23. Qa5 1/2-1/2

[Event "It Open"]
[Site "Pfalz GER"]
[Date "1991.??.??"]
[Round "?"]
[White "Mueller, Karsten"]
[Black "Kraidman, Yair"]
[Result "1-0"]
[WhiteElo "2425"]
[BlackElo "2425"]
[PlyCount "71"]
[EventDate "1991.??.??"]
[Source "www.chesslib.no"]
[SourceDate "2004.05.04"]

1. c4 e5 2. Nf3 e4 3. Nd4 Nc6 4. Nxc6 dxc6 5. Nc3 Nf6 6. g3 Bb4 7. Qb3 Bxc3 8. Qxc3 Bf5 9. Bg2 O-O 10. O-O Qd7 11. b3 Bh3 12. Bb2 Bxg2 13. Kxg2 Qf5 14. Rad1 Rfe8 15. f3 Re6 16. e3 Rd8 17. d3 Rxd3 18. Rxd3 exd3 19. e4 Qc5 20. Rd1 Qe3 21. Qxd3 Qxd3 22. Rxd3 Rd6 23. Rxd6 cxd6 24. Bxf6 gxf6 25. Kh3 Kg7 26. Kg4 Kf8 27. Kf5 Ke7 28. h3 b6 29. h4 a5 30. a4 h6 31. f4 h5 32. g4 hxg4 33. Kxg4 Kf8 34. Kf5 Kg7 35. h5 c5 36. h6+ 1-0

[Event "Bucharest Tim"]
[Site "Bucharest"]
[Date "1993.??.??"]
[Round "8"]
[White "Lisenko, Alexander V"]
[Black "Itkis, Boris"]
[Result "1/2-1/2"]
[WhiteElo "2400"]
[BlackElo "2435"]
[PlyCount "72"]
[EventDate "1993.??.??"]
[Source "ChessBase"]

1. c4 e5 2. Nf3 e4 3. Nd4 Nc6 4. Nc2 Nf6 5. Nc3 Bc5 6. g3 d6 7. Bg2 Bf5 8. Ne3 Bg6 9. b3 O-O 10. Bb2 Re8 11. O-O a5 12. a3 h5 13. h4 Ne5 14. Ncd5 Nxd5 15. Nxd5 Bf5 16. Qc2 Nc6 17. e3 Qd7 18. Qc3 f6 19. b4 Ba7 20. Nf4 Ne5 21. d3 Nxd3 22. Nxd3 exd3 23. Bxb7 c6 24. Bxa8 Be4 25. Kh2 Qg4 26. Qd2 Qf3 27. Rg1 Rxa8 28. Raf1 axb4 29. axb4 Bb6 30. Qd1 Ra2 31. Qb3 Ra8 32. c5+ Bd5 33. Qxd3 dxc5 34. bxc5 Ra2 35. Qc3 Ba5 36. Qc1 Bc7 1/2-1/2

[Event "Osasco"]
[Site "Osasco"]
[Date "1992.??.??"]
[Round "4"]
[White "Correa, Aron A"]
[Black "Adla, Diego G"]
[Result "1/2-1/2"]
[WhiteElo "2390"]
[BlackElo "2435"]
[PlyCount "104"]
[EventDate "1992.??.??"]
[Source "www.chesslib.no"]
[SourceDate "2004.05.04"]

1. c4 e5 2. Nf3 e4 3. Nd4 Nc6 4. Nxc6 dxc6 5. Nc3 Nf6 6. d3 exd3 7. Qxd3 Qxd3 8. exd3 Bf5 9. Bg5 O-O-O 10. O-O-O Be7 11. d4 h6 12. Bh4 c5 13. d5 Rhe8 14. Bg3 Ne4 15. Bd3 Bf6 16. f3 Nxg3 17. hxg3 Bxd3 18. Rxd3 Bxc3 19. Rxc3 Re2 20. Rc2 Rde8 21. Rd1 Kd7 22. Rxe2 Rxe2 23. Rd2 Re5 24. Kd1 Kd6 25. Re2 Rxe2 26. Kxe2 Ke5 27. Ke3 h5 28. a3 a5 29. a4 g5 30. Kd3 h4 31. f4+ Kf5 32. fxg5 hxg3 33. Ke3 Kxg5 34. Kf3 Kf5 35. Kxg3 Ke4 36. Kg4 Kd4 37. Kf5 Kxc4 38. Kf6 Kb3 39. Kxf7 Kxb2 40. g4 c4 41. g5 c3 42. g6 c2 43. g7 c1=Q 44. g8=Q Qc4 45. Ke7 Kb3 46. Kd8 Kxa4 47. Qe8+ Kb4 48. Qe7+ Kb5 49. d6 cxd6 50. Qxb7+ Ka4 51. Qd7+ Kb3 52. Qxd6 a4 1/2-1/2

[Event "Boca Juniors op"]
[Site "Buenos Aires"]
[Date "1998.05.13"]
[Round "6"]
[White "Soppe, Guillermo"]
[Black "Llanos, Guillermo"]
[Result "1-0"]
[WhiteElo "2455"]
[BlackElo "2370"]
[PlyCount "37"]
[EventDate "1998.05.07"]
[Source "ChessBase"]
[SourceDate "1998.07.07"]

1. c4 e5 2. Nf3 e4 3. Nd4 Nc6 4. e3 Nf6 5. Nxc6 dxc6 6. b3 Bd6 7. Bb2 Ng4 8. Be2 Qh4 9. g3 Qh3 10. Bf1 Qh6 11. Bg2 Bf5 12. Qc2 O-O 13. Bxe4 Bxe4 14. Qxe4 Qh3 15. Nc3 Rfe8 16. Qf3 Ne5 17. Qe2 Qf5 18. O-O Nf3+ 19. Kg2 1-0

[Event "OHRA"]
[Site "Amsterdam"]
[Date "1983.??.??"]
[Round "?"]
[White "Murey, Jacob"]
[Black "Lengyel, Bela"]
[Result "1/2-1/2"]
[WhiteElo "2485"]
[BlackElo "2315"]
[PlyCount "108"]
[EventDate "1983.07.??"]
[Source "ChessBase"]

1. c4 e5 2. Nf3 e4 3. Nd4 Nc6 4. Nxc6 dxc6 5. Nc3 Bf5 6. Qb3 Bc5 7. e3 Rb8 8. Qc2 Nf6 9. h3 h5 10. b3 Qd7 11. Bb2 Rd8 12. O-O-O h4 13. Ne2 Qe7 14. Kb1 Rh6 15. g4 hxg3 16. Nxg3 Bh7 17. Rg1 Kf8 18. Ne2 Bd6 19. Nc1 c5 20. d4 cxd4 21. Rxd4 c5 22. Rd5 Rg6 23. Rxg6 Bxg6 24. Rd2 Bc7 25. Ne2 Rxd2 26. Qxd2 Qd7 27. Kc1 Qf5 28. Nc3 Qf3 29. Nb5 Bh2 30. Ba3 Kg8 31. Bxc5 b6 32. Bd6 Bg1 33. Nd4 Qxf2 34. Qxf2 Bxf2 35. Kd2 Nd7 36. b4 f5 37. Nc6 Kf7 38. Nxa7 Ke6 39. Nc8 Be8 40. Bf4 Bh5 41. a4 Kf6 42. Bc7 Ne5 43. Bxe5+ Kxe5 44. Nxb6 g5 45. Nd5 f4 46. Bg2 Bf7 47. Ke2 Bg1 48. Kf1 Bh2 49. h4 gxh4 50. exf4+ Kd4 51. a5 Kxc4 52. Bxe4 Bxd5 53. Bxd5+ Kxd5 54. f5 Be5 1/2-1/2

[Event "Polonia 4th"]
[Site "Warsaw POL"]
[Date "1978.06.05"]
[Round "7"]
[White "Sliwa, Bogdan"]
[Black "Nun, Josef"]
[Result "0-1"]
[WhiteElo "2370"]
[BlackElo "2405"]
[PlyCount "72"]
[EventDate "1978.05.30"]
[Source "www.chesslib.no"]
[SourceDate "2004.05.04"]

1. c4 e5 2. Nf3 e4 3. Nd4 Nc6 4. e3 Nxd4 5. exd4 Qf6 6. d5 Bc5 7. Qe2 Qg6 8. Nc3 Nf6 9. d3 O-O 10. dxe4 Ng4 11. Nd1 Re8 12. f3 d6 13. Ne3 Nxe3 14. Bxe3 Bxe3 15. Qxe3 f5 16. O-O-O fxe4 17. f4 a5 18. h3 a4 19. a3 Ra6 20. g4 Rb6 21. Qd4 Rb3 22. Be2 Bd7 23. Kb1 b5 24. cxb5 Bxb5 25. Bxb5 Rxb5 26. Qxa4 Reb8 27. Rh2 Qf6 28. Rdd2 Qxf4 29. Rhe2 Qe5 30. Qc4 e3 31. Rc2 Rc5 32. Qd3 Rxd5 33. Qc4 c6 34. Qxc6 Rd1+ 35. Rc1 Rd2 36. Rc2 Rxb2+ 0-1

[Event "Tula (Russia)"]
[Site "?"]
[Date "2004.04.25"]
[Round "2"]
[White "Igriashvili Zurab"]
[Black "Balashov Yuri S"]
[Result "1/2-1/2"]
[WhiteElo "2294"]
[BlackElo "2469"]
[PlyCount "29"]
[EventDate "2004.??.??"]
[Source "www.chesslib.no"]
[SourceDate "2004.05.04"]

1. c4 e5 2. Nf3 e4 3. Ng1 Nf6 4. Nc3 Bc5 5. e3 O-O 6. d4 exd3 7. Bxd3 Nc6 8. Nf3 d6 9. h3 Ne5 10. Nxe5 dxe5 11. Qc2 c6 12. O-O Qe7 13. b3 Bd7 14. Bb2 Rad8 15. Rad1 1/2-1/2

[Event "Sverdlovsk"]
[Site "Sverdlovsk"]
[Date "1989.??.??"]
[Round "?"]
[White "Lisenko, Alexander V"]
[Black "Fradkin, Boris"]
[Result "1/2-1/2"]
[WhiteElo "2355"]
[BlackElo "2405"]
[PlyCount "63"]
[EventDate "1989.10.??"]
[Source "www.chesslib.no"]
[SourceDate "2004.05.04"]

1. c4 e5 2. Nf3 e4 3. Nd4 Nc6 4. Nc2 Nf6 5. Nc3 Bc5 6. g3 O-O 7. Bg2 Re8 8. O-O d6 9. Ne3 Nd4 10. b3 a6 11. Bb2 c6 12. d3 Nf5 13. Nxf5 Bxf5 14. dxe4 Nxe4 15. Nxe4 Bxe4 16. e3 Qg5 17. Bd4 h5 18. f3 Bh7 19. f4 Qh6 20. Bf3 h4 21. gxh4 Rxe3 22. Bxe3 Bxe3+ 23. Kh1 Qxh4 24. Qe1 Qxf4 25. Qg3 Qh6 26. Rae1 Re8 27. Bg2 Be4 28. Bxe4 Rxe4 29. Qg2 Rh4 30. Rf3 Bf4 31. Re8+ Kh7 32. h3 1/2-1/2

[Event "Esbjerg-B"]
[Site "Esbjerg"]
[Date "1981.??.??"]
[Round "9"]
[White "Rath, Ulrik"]
[Black "Brinck Claussen, Bjorn"]
[Result "1/2-1/2"]
[WhiteElo "2380"]
[BlackElo "2375"]
[PlyCount "41"]
[EventDate "1981.??.??"]
[Source "www.chesslib.no"]
[SourceDate "2004.05.04"]

1. c4 e5 2. Nf3 e4 3. Nd4 g6 4. d3 exd3 5. Qxd3 Bg7 6. Nc3 Nc6 7. Nxc6 bxc6 8. g3 Ne7 9. Bg2 a5 10. Na4 d6 11. Bd2 Bf5 12. e4 Be6 13. h4 h5 14. O-O O-O 15. Rac1 Qd7 16. b3 Bh3 17. c5 d5 18. Bxh3 Qxh3 19. Bg5 dxe4 20. Qxe4 Nd5 21. Rfe1 1/2-1/2

[Event "St.-Quentin"]
[Site "?"]
[Date "2000.04.11"]
[Round "4.7"]
[White "Murey Yaacov"]
[Black "Bouvier Bruno"]
[Result "1-0"]
[WhiteElo "2487"]
[BlackElo "2266"]
[PlyCount "79"]
[EventDate "2000.??.??"]
[Source "www.chesslib.no"]
[SourceDate "2004.05.04"]

1. c4 e5 2. Nf3 Nc6 3. g3 Nf6 4. Bg2 d5 5. O-O Be7 6. d4 exd4 7. Nxd4 Nxd4 8. Qxd4 dxc4 9. Qxd8+ Bxd8 10. Na3 c6 11. Nxc4 Bc7 12. Bg5 Be6 13. Rac1 O-O-O 14. b3 Rhe8 15. e4 h6 16. Be3 Kb8 17. f3 Rd3 18. Rfe1 Bxc4 19. bxc4 Ba5 20. Bf4+ Ka8 21. Red1 Red8 22. Rxd3 Rxd3 23. Rc2 Nd7 24. Kf2 Nc5 25. Be3 Bb6 26. Ke2 Rd8 27. Rd2 Rxd2+ 28. Bxd2 Ne6 29. f4 Bd4 30. h4 Nc5 31. g4 f6 32. h5 Kb8 33. e5 fxe5 34. g5 e4 35. Be3 Bxe3 36. Kxe3 Kc7 37. f5 hxg5 38. f6 Ne6 39. Bh3 Kd6 40. fxg7 1-0

[Event "Israel Open Ch, Tel Aviv ISR"]
[Site "?"]
[Date "2001.??.??"]
[Round "1"]
[White "Murey, J."]
[Black "Aronov, V."]
[Result "1-0"]
[WhiteElo "2525"]
[BlackElo "2215"]
[PlyCount "63"]
[EventDate "2001.??.??"]
[Source "www.chesslib.no"]
[SourceDate "2004.05.04"]

1. c4 e5 2. Nf3 Nc6 3. g3 g6 4. d4 exd4 5. Nxd4 Nxd4 6. Qxd4 Qf6 7. Qe3+ Qe6 8. Nc3 Bb4 9. Qd4 Qf6 10. Be3 d6 11. Bg2 Qxd4 12. Bxd4 f6 13. O-O-O Bxc3 14. Bxc3 Rb8 15. Bd5 Ke7 16. Rd3 Bf5 17. Re3+ Kd7 18. Rd1 b6 19. Rd4 h5 20. f3 Nh6 21. c5 bxc5 22. Ra4 Rhf8 23. Rxa7 Kd8 24. Ba5 Rc8 25. Rb3 Re8 26. Bb7 Rb8 27. Bc6 Rxb3 28. Bxc7+ Kc8 29. Bxd6 Kd8 30. Bc7+ Kc8 31. Bf4 Re5 32. axb3 1-0

[Event "Camp. britannico 2008"]
[Site "Liverpool ING"]
[Date "2008.08.07"]
[Round "10"]
[White "Kolbus, D."]
[Black "Rudd, J."]
[Result "1-0"]
[WhiteElo "2393"]
[BlackElo "2345"]
[PlyCount "43"]
[EventDate "2008.07.28"]
[Source "www.chesslib.no"]
[SourceDate "2004.05.04"]

1. c4 e5 2. Nf3 Nc6 3. d4 exd4 4. Nxd4 Bc5 5. Nb3 Be7 6. Nc3 Nf6 7. e4 O-O 8. a3 d6 9. Be2 Nd7 10. O-O Nc5 11. Nxc5 dxc5 12. Nd5 Bd6 13. f4 f6 14. Be3 Nd4 15. Bxd4 cxd4 16. Qxd4 c6 17. Rad1 Qa5 18. b4 Qa6 19. e5 cxd5 20. Qxd5+ Rf7 21. Qxd6 Qxa3 22. Bf3 1-0

[Event "Polonia 4th"]
[Site "Warsaw POL"]
[Date "1978.06.07"]
[Round "9"]
[White "Sliwa, Bogdan"]
[Black "Bernard, Ryszard"]
[Result "1/2-1/2"]
[WhiteElo "2370"]
[BlackElo "2360"]
[PlyCount "116"]
[EventDate "1978.05.30"]
[Source "www.chesslib.no"]
[SourceDate "2004.05.04"]

1. c4 e5 2. Nf3 e4 3. Nd4 Nc6 4. e3 Nxd4 5. exd4 Qf6 6. d5 Bc5 7. Qe2 Qg6 8. Nc3 Nf6 9. d3 O-O 10. dxe4 Ng4 11. Nd1 d6 12. f3 Ne5 13. Be3 Bb6 14. Nc3 f5 15. Bxb6 axb6 16. f4 Nf7 17. O-O-O fxe4 18. h3 Nh6 19. g4 Rxf4 20. Bg2 Bd7 21. Bxe4 Qf6 22. Qd3 g6 23. Kb1 Nf7 24. Rhf1 Ne5 25. Rxf4 Qxf4 26. Qc2 Rf8 27. Bd3 Qe3 28. Bf1 Rf4 29. Qc1 Nxc4 30. Bxc4 Qxc1+ 31. Kxc1 Rxc4 32. Re1 Rf4 33. Ne4 h6 34. Kd2 Kg7 35. Ke3 Rf7 36. Rc1 Be8 37. h4 Re7 38. Kd4 c5+ 39. dxc6 Bxc6 40. Nxd6 Re2 41. b4 Kf6 42. Nc4 Re4+ 43. Kc3 b5 44. g5+ hxg5 45. hxg5+ Kxg5 46. Nd6 Re2 47. a3 Ra2 48. Kd4 Rxa3 49. Nxb5 Rf3 50. Nd6 Rf2 51. b5 Rd2+ 52. Ke5 Re2+ 53. Kd4 Bg2 54. Rc7 Rd2+ 55. Ke5 Re2+ 56. Kd4 Rd2+ 57. Ke5 b6 58. Ke6 Kg4 1/2-1/2

[Event "Tuzla"]
[Site "Tuzla"]
[Date "1990.??.??"]
[Round "7"]
[White "Lisenko, Alexander V"]
[Black "Palos, Osman"]
[Result "1-0"]
[WhiteElo "2360"]
[BlackElo "2370"]
[PlyCount "111"]
[EventDate "1990.??.??"]
[Source "www.chesslib.no"]
[SourceDate "2004.05.04"]

1. c4 e5 2. Nf3 Nc6 3. d4 exd4 4. Nxd4 Bb4+ 5. Bd2 Bxd2+ 6. Qxd2 Nge7 7. Nc3 O-O 8. g3 Nxd4 9. Qxd4 Nc6 10. Qf4 d6 11. Bg2 Bd7 12. Rd1 b6 13. O-O a6 14. Nd5 Ra7 15. Rd2 a5 16. h4 Ne5 17. Rfd1 Re8 18. b3 h6 19. a3 Ng6 20. Qd4 Nf8 21. Qc3 Ne6 22. b4 axb4 23. axb4 Nf8 24. c5 bxc5 25. bxc5 Bb5 26. Ne3 Qc8 27. cxd6 cxd6 28. Qxc8 Rxc8 29. Nf5 Rd8 30. e3 Ne6 31. Nxd6 Rad7 32. e4 Ba4 33. Ra1 Nc5 34. Rd5 Rxd6 35. Rxc5 Rd1+ 36. Rxd1 Rxd1+ 37. Kh2 Rd2 38. f4 Bc2 39. Kh3 g6 40. h5 gxh5 41. Rxh5 Kg7 42. Rc5 Re2 43. Bf3 Re3 44. Rxc2 Rxf3 45. Kg4 Re3 46. e5 Kg8 47. Rc8+ Kg7 48. Re8 Kh7 49. f5 Re4+ 50. Kf3 Ra4 51. g4 Ra3+ 52. Kf4 Ra4+ 53. Kg3 Ra3+ 54. Kh4 Re3 55. e6 fxe6 56. Re7+ 1-0